000 01717nam0a2200385 4500
001 RU\NLR\bibl\344595
005 20260406235948.0
010 _a5-7135-0323-2
_bВ пер.
_91000
021 _aRU
_b2002-44893
_92172
035 _a(NLR Aleph) 000339429
090 _a207028
_c207028
100 _a20021121d2002 |||y0rusy50 ca
101 0 _arus
102 _aRU
105 _aach |||||||||
200 1 _aКарабаш. Годы и судьбы
_fКом. по делам арх. Челяб. обл., Администрация г. Карабаша, Арх. отд. Администрации г. Карабаша
_g[Авт. и сост. В.Н. Новоселов]
210 _aЧелябинск
_cКнига
_d2002
215 _a139, [2] с., [16] л. ил., цв. ил., портр.
_cфакс., портр.
_d21
320 _aБиблиогр.: с. 139-140
607 _aКарабаш, город (Челябинская область)
_xИстория
_92268701
_3RU\NLR\auth\661359885
610 0 _aМедеплавильные заводы - История
610 0 _aКарабаш, г. (Челяб. обл.) - Краеведение историческое
675 _a908(470.55-21)
_v3
_zrus
686 _a39.23
_2rugasnti
686 _a26.89
_2rubbk
686 _aТ3(2Р-4Че-2К)
702 1 _aНовоселов
_bВ. Н.
_gВладимир Николаевич
_4220
712 0 2 _4570
_aЧелябинский областной комитет по делам архивов
_3RU\NLR\AUTH\889989903
_9475311
801 0 _aRU
_bRKP
_c20021121
_gPSBO
801 1 _aRU
_bRKP
_c20021121
801 2 _aRU
_bNLR
_c20071218
_grcr
942 _cBOOK
980 _aNB
980 _aNBR